|
|
|
|
| LEADER |
00910nab a2200205 i 4500 |
| 001 |
misc48245 |
| 005 |
20211025161010.0 |
| 008 |
200416s1982 hu o 0|| hun d |
| 022 |
|
|
|a 1588-2551
|
| 040 |
|
|
|a SZTE Miscellanea Repozitórium
|b hun
|
| 041 |
|
|
|a hun
|
| 100 |
1 |
|
|a Erdélyi István
|
| 245 |
1 |
0 |
|a Gy. Kristó
|h [elektronikus dokumentum] :
|b Levedi törzsszövetségétől Szent István államáig (Vom Stammesbündis Levedis bis zum Staat non Heiligem Stephan.) Budapest, Magvető Kiadó, 1980. 574 S. [könyvismertetés] /
|c Erdélyi István
|
| 260 |
|
|
|a Akadémiai Kiadó
|b Budapest
|c 1982
|
| 300 |
|
|
|a 389-390
|
| 490 |
0 |
|
|a Acta Archaeologica Academiae Scientiarum Hungaricae
|v 34 No. 1/4
|
| 561 |
|
|
|a Kristó Gyula újságkivágatok
|
| 695 |
|
|
|a Magyarország története - 9-10. sz. - könyvismertetés
|
| 700 |
0 |
1 |
|a Kristó Gyula
|
| 856 |
4 |
0 |
|u http://misc.bibl.u-szeged.hu/48245/1/112.pdf
|z Dokumentum-elérés
|